One word substitution / (Record no. 181670)

MARC details
000 -LEADER
fixed length control field 00472nam a22001697a 4500
005 - DATE AND TIME OF LATEST TRANSACTION
control field 20210930120351.0
010 ## - LCCN (DPL NO)
LC control number EN230921
020 ## - INTERNATIONAL STANDARD BOOK NUMBER
Terms of availability 70.00
037 ## - SOURCE OF ACQUISITION
Source of stock number/acquisition M.B. Books
100 ## - MAIN ENTRY--PERSONAL NAME
Personal name Ajay K. Singh
245 ## - TITLE STATEMENT
Title One word substitution /
Statement of responsibility, etc by Ajay K. Singh
260 ## - PUBLICATION, DISTRIBUTION, ETC. (IMPRINT)
Place of publication, distribution, etc Patna
Name of publisher, distributor, etc M.B. Books
Date of publication, distribution, etc 2020
270 ## - ADDRESS
Address 3rd Floor, Ramdiri House, Dadiji Lane, Boring Road
City Patna
Postal code 800001
300 ## - PHYSICAL DESCRIPTION
Extent 178p.
Dimensions 21cm(pbk)
490 ## - SERIES STATEMENT
Series statement English Resource Series
942 ## - ADDED ENTRY ELEMENTS (KOHA)
Source of classification or shelving scheme Dewey Decimal Classification
Item type English Books
Call number suffix AJA

No items available.


© Delhi Public Library
Hit Counter
free hit counter